• 首页
  • 本馆介绍
  • 公告通知
  • 最新文献
  • 馆藏检索
  • 电子资源
  • 读者导购
  • 参考咨询
  • 我的图书馆
  • 登录
  • 详细信息显示
  • 放入我的书架
  • 预约/预借图书
  • 作者相关作品
  • 分类相关作品
  • 丛书相关作品
  • 出版社相关作品

书目信息

  • 表格格式
  • 工作单格式
  • 卡片格式
题名:
世界之最
    
 
作者: 冯春来 , 冯春来 编著
分册:  
出版信息: 南京   江苏少年儿童出版社  1986.06
页数: 302页
开本: 19cm
丛书名:
单 册:
中图分类: G8
科图分类:
主题词: 科学知识--普及读物 , 体育--普及读物 , 体育
电子资源:
ISBN: 7-5346-0057-X
000 00804nam0 2200301 45
001 0184007176
005 20040508145714.3
010    @dCNY1.50@a7-5346-0057-X
091    @a10352.021
100    @a19950605d1986 em y0chiy0121 ea
101 0  @achi
102    @aCN@b320000
105    @ay z 000yy
106    @ar
200 10 @a世界之最@Ashi jie zhi zui@e体育分册@f冯春来等编写@FFeng Chun Lai Deng Bian Xie
205    @a2版
210    @a南京@c江苏少年儿童出版社@d1986.06
215    @a302页@d19cm
517 1  @a体育@Ati yu
606    @a科学知识@x普及读物
606    @a体育@x普及读物
606 0  @a体育
690    @aG8
701  0 @a冯春来@Afeng chun lai@4编著
701  0 @a冯春来@4编写
801  0 @aCN@b上海图书馆@c20040508
801  2 @aCN@bNLC@c20040508
905    @f2@b209808-809@dG8@e62
    
    世界之最:体育分册/冯春来等编写.-2版.-南京:江苏少年儿童出版社,1986.06
    302页;19cm
    
    
    ISBN 7-5346-0057-X:CNY1.50
    
●
相关链接 在E读中查询图书 在五车中查询图书 在当当中查询图书 在豆瓣中查询图书


正题名:世界之最     索取号:G8/62         预约/预借

序号 登录号 条形码 馆藏地/架位号 状态 备注
1 0209808   000297627   密集书库/ [索取号:G8/62] 在馆    
2 0209809   000297681   密集书库/ [索取号:G8/62] 在馆    
3 0209810   000297618   第一样本阅览室/ [索取号:G8/62] 在馆    
唐山师范学院图书馆 欢迎您!
大连网信软件有限公司© 版权所有